[Event "GER-ch U12"]
[Site "Oberhof"]
[Date "2010.05.24"]
[Round "4"]
[White "Kasel, Ronaldo"]
[Black "Zahn, Alina"]
[Result "1/2-1/2"]
[WhiteElo "1575"]
[BlackElo "1550"]
[PlyCount "101"]
[EventDate "2010.05.22"]
[EventType "swiss"]
[EventRounds "11"]
[EventCountry "GER"]
[SourceTitle "CBM 136 Extra"]
[Source "ChessBase"]
[SourceDate "2010.07.02"]
[SourceVersion "2"]
[SourceVersionDate "2010.07.15"]
[SourceQuality "1"]

1. Nf3 d5 2. d4 e6 3. c4 Nf6 4. Nc3 Nbd7 5. e3 Bb4 6. Bd2 Be7 7. Be2 dxc4 8. Bxc4 0-0 9. 0-0 c6 10. Qc2 b6 11. Bd3 h6 12. Ne4 Bb7 13. Rad1 Rc8 14. Bc3 Nd5 15. Bd2 Qc7 16. a3 c5 17. Rc1 Qb8 18. Qa4 N5f6 19. Nxf6+ Nxf6 20. Ba6 Bxa6 21. Qxa6 Ne4 22. Be1 Bd6 23. Qd3 Nf6 24. h3 cxd4 25. Rxc8 Rxc8 26. Nxd4 Rd8 27. Qa6 Rd7 28. Bc3 Nd5 29. Rc1 Qb7 30. Qxb7 Rxb7 31. Bd2 Rc7 32. Rxc7 Nxc7 33. Kf1 Kf8 34. Ke2 Ke8 35. Nc6 a5 36. Bc3 g6 37. Bg7 h5 38. Nd4 Bf8 39. Be5 Kd7 40. Kd3 Bd6 41. Bg7 Ne8 42. Bh6 Nc7 43. Bg5 e5 44. Nf3 Ke6 45. e4 f6 46. Be3 b5 47. Bb6 a4 48. Nh4 g5 49. Nf5 h4 50. Kc3 Nd5+ 51. exd5+ 1/2-1/2

[Event "GER-ch U12"]
[Site "Willingen"]
[Date "2009.06.03"]
[Round "7"]
[White "Kasel, Ronaldo"]
[Black "Manusina, Nicole"]
[Result "0-1"]
[WhiteElo "1544"]
[BlackElo "1685"]
[PlyCount "96"]
[EventDate "2009.05.30"]
[EventType "swiss"]
[EventRounds "11"]
[EventCountry "GER"]
[SourceTitle "EXT 2010"]
[Source "ChessBase"]
[SourceDate "2010.11.25"]
[SourceVersion "1"]
[SourceVersionDate "2010.11.25"]
[SourceQuality "1"]

1. e4 c6 2. Nc3 d5 3. Nf3 Bg4 4. exd5 cxd5 5. Bb5+ Nc6 6. h3 Bxf3 7. Qxf3 e6 8. 0-0 Nf6 9. Re1 Be7 10. Qg3 0-0 11. Bxc6 bxc6 12. d4 Kh8 13. Bg5 Qb6 14. Qd3 Qxb2 15. Rab1 Qa3 16. Rb3 Qd6 17. Rb7 Rfb8 18. Reb1 a5 19. Bh4 Qd8 20. Ne2 a4 21. c3 Rxb7 22. Rxb7 Nd7 23. Bxe7 Qxe7 24. Qg3 Rc8 25. Ra7 a3 26. Nc1 h6 27. Nb3 e5 28. Nc5 Rd8 29. Qg4 exd4 30. Rxd7 Rxd7 31. Qxd7 Qxc5 32. Qc8+ Kh7 33. Qf5+ Kg8 34. Qc8+ Qf8 35. Qxf8+ Kxf8 36. cxd4 Ke7 37. Kf1 Kd6 38. Ke2 c5 39. Kd3 Kc6 40. Kc3 Kb5 41. dxc5 Kxc5 42. Kb3 Kd4 43. Kxa3 Kc3 44. Ka4 d4 45. Kb5 d3 46. a4 d2 47. a5 d1Q 48. a6 Qd4 0-1

[Event "GER-ch U10"]
[Site "Willingen"]
[Date "2008.05.11"]
[Round "4"]
[White "Bluhm, Sonja Maria"]
[Black "Kasel, Ronaldo"]
[Result "1-0"]
[WhiteElo "1520"]
[BlackElo "1438"]
[PlyCount "123"]
[EventDate "2008.05.11"]
[EventType "swiss"]
[EventRounds "11"]
[EventCountry "GER"]
[SourceTitle "CBM 124 Extra"]
[Source "ChessBase"]
[SourceDate "2008.07.03"]
[SourceVersion "1"]
[SourceVersionDate "2008.07.03"]
[SourceQuality "1"]

1. e4 e5 2. Nf3 Nc6 3. Bc4 Bc5 4. c3 Nf6 5. d3 d6 6. Bb3 Bd7 7. Nbd2 0-0 8. 0-0 a6 9. h3 Be6 10. Bc2 Bb6 11. Re1 Re8 12. Nf1 h6 13. Ng3 Qd7 14. d4 exd4 15. cxd4 d5 16. e5 Nh7 17. Be3 Ne7 18. Ba4 c6 19. Rc1 Nf5 20. Nxf5 Bxf5 21. Bc2 Be6 22. Qd3 Nf8 23. Bd2 c5 24. dxc5 Bxc5 25. Bb3 Be7 26. Nd4 Rec8 27. Qg3 Rxc1 28. Rxc1 Kh8 29. Ba5 Rc8 30. Rxc8 Qxc8 31. Qc3 Qc5 32. Qxc5 Bxc5 33. Bc3 Nd7 34. Nf3 Ba7 35. Kf1 Kg8 36. Ke2 Kf8 37. Bb4+ Ke8 38. Bd6 Bb8 39. Bxb8 Nxb8 40. Nd4 Kd7 41. f4 Nc6 42. Nxc6 Kxc6 43. Bc2 Kc5 44. Bd3 Kd4 45. h4 Bd7 46. Kd2 Bb5 47. Bc2 Bf1 48. g4 Bg2 49. g5 hxg5 50. hxg5 Bh3 51. g6 f6 52. exf6 gxf6 53. f5 Ke5 54. g7 Bxf5 55. Bxf5 Kxf5 56. g8Q Ke5 57. Qb8+ Ke4 58. Qxb7 f5 59. Qxa6 f4 60. Qd3+ Ke5 61. a4 d4 62. a5 1-0

[Event "GER-ch U10"]
[Site "Willingen"]
[Date "2008.05.11"]
[Round "5"]
[White "Kasel, Ronaldo"]
[Black "Keller, Peter1111"]
[Result "0-1"]
[WhiteElo "1438"]
[BlackElo "1217"]
[PlyCount "114"]
[EventDate "2008.05.11"]
[EventType "swiss"]
[EventRounds "11"]
[EventCountry "GER"]
[SourceTitle "CBM 124 Extra"]
[Source "ChessBase"]
[SourceDate "2008.07.03"]
[SourceVersion "1"]
[SourceVersionDate "2008.07.03"]
[SourceQuality "1"]

1. e4 b6 2. d4 Bb7 3. Nc3 e6 4. a3 d5 5. e5 c5 6. Nge2 Nc6 7. f4 Nge7 8. Be3 Nf5 9. Bf2 Ba6 10. h3 cxd4 11. Nxd4 Bxf1 12. Rxf1 Ncxd4 13. Bxd4 Bc5 14. Bf2 Bxf2+ 15. Rxf2 Qh4 16. Qg4 Qxg4 17. hxg4 Ne3 18. g5 Kd7 19. Re2 Ng4 20. Nb5 h6 21. gxh6 Rxh6 22. Kd2 f6 23. exf6 gxf6 24. Rae1 e5 25. fxe5 fxe5 26. Nc3 Kc6 27. Nd1 e4 28. Ne3 Nxe3 29. Rxe3 Rh2 30. Rg1 Rg8 31. Re2 Kd6 32. Ke3 Ke5 33. c3 Rg3+ 34. Kf2 Kf4 35. Ke1 e3 36. Rf1+ Ke4 37. Rg1 Rh5 38. Kd1 Rf5 39. Ke1 d4 40. cxd4 Kxd4 41. Rf1 Rxf1+ 42. Kxf1 Kd3 43. Ke1 Rg4 44. g3 Rxg3 45. Kf1 Rh3 46. Rg2 Rh1+ 47. Rg1 Rxg1+ 48. Kxg1 Kd2 49. Kf1 e2+ 50. Kf2 e1Q+ 51. Kf3 Qe5 52. b4 Kd3 53. Kg4 Ke4 54. Kh3 Qg5 55. Kh2 Qg4 56. Kh1 Kf3 57. Kh2 Qg2# 0-1

[Event "GER-ch U10"]
[Site "Willingen"]
[Date "2008.05.11"]
[Round "9"]
[White "Kasel, Ronaldo"]
[Black "Mueller, Constantin"]
[Result "1-0"]
[WhiteElo "1438"]
[BlackElo "1275"]
[PlyCount "79"]
[EventDate "2008.05.11"]
[EventType "swiss"]
[EventRounds "11"]
[EventCountry "GER"]
[SourceTitle "CBM 124 Extra"]
[Source "ChessBase"]
[SourceDate "2008.07.03"]
[SourceVersion "1"]
[SourceVersionDate "2008.07.03"]
[SourceQuality "1"]

1. e4 e6 2. d4 d5 3. e5 c5 4. c3 Nc6 5. Nf3 Bd7 6. Bb5 Nxe5 7. Nxe5 Bxb5 8. Qb3 Qb6 9. a4 Ba6 10. Qxb6 axb6 11. Bd2 f6 12. Nf3 Bd6 13. Be3 Ne7 14. Kd2 Nf5 15. g4 Nxe3 16. fxe3 0-0 17. Na3 Rae8 18. h4 f5 19. g5 f4 20. Nb5 fxe3+ 21. Kxe3 cxd4+ 22. Nfxd4 Bf4+ 23. Kd3 e5 24. Nc2 Bg3 25. Nb4 Rf3+ 26. Kc2 Ref8 27. Nxd5 Rd8 28. Nxb6 e4 29. Nd4 Bd3+ 30. Kb3 Rf2 31. Rae1 Re8 32. Nd5 Rc8 33. Ne7+ Kf8 34. Nxc8 Rd2 35. Re3 Bf2 36. Reh3 e3 37. Rf3+ Bf5 38. Nxf5 Ke8 39. Nxe3 Bxe3 40. Rxe3+ 1-0

[Event "GER-ch U10"]
[Site "Willingen"]
[Date "2008.05.11"]
[Round "7"]
[White "Kasel, Ronaldo"]
[Black "Von Ehr, Lukas"]
[Result "1-0"]
[WhiteElo "1438"]
[BlackElo "1190"]
[PlyCount "57"]
[EventDate "2008.05.11"]
[EventType "swiss"]
[EventRounds "11"]
[EventCountry "GER"]
[SourceTitle "CBM 124 Extra"]
[Source "ChessBase"]
[SourceDate "2008.07.03"]
[SourceVersion "1"]
[SourceVersionDate "2008.07.03"]
[SourceQuality "1"]

1. e4 e5 2. Nf3 Nc6 3. Bc4 Nf6 4. d3 Bc5 5. Bg5 0-0 6. a3 h6 7. Bh4 d6 8. h3 Qe7 9. Nc3 Be6 10. Nd5 Bxd5 11. Bxd5 Rfe8 12. 0-0 Rad8 13. b4 Bd4 14. Nxd4 Nxd4 15. Bxb7 c6 16. Bxf6 Qxf6 17. c3 Ne6 18. Bxc6 Rf8 19. Qd2 Qg6 20. Qe3 Nf4 21. Qf3 Rc8 22. b5 f5 23. exf5 Qxf5 24. Be4 Qg5 25. c4 h5 26. Qe3 Rf6 27. Kh2 Qh6 28. Qxa7 Rc5 29. b6 1-0